| 000 | 00390nam a2200157Ia 4500 | ||
|---|---|---|---|
| 008 | 180921t1982 xxu||||| |||| 00| 0 sin d | ||
| 041 | _asin | ||
| 080 |
_a636.033 SRI L _bNKA |
||
| 245 | _aමාංශු විද්යාව | ||
| 246 | _aMaanshu vidyaava | ||
| 260 |
_b _c1982 |
||
| 300 | _a41p., 22 cm | ||
| 942 | _cBK | ||
| 999 |
_c18145 _d18145 |
||
| 003 | LK-CoDNM | ||
| 040 |
_aLK-CoDNM _dLK-CoDNM _eLK-CoDNM |
||